| 000 | 00731nam a2200229 i 4500 | ||
|---|---|---|---|
| 001 | bg | ||
| 100 | 1 | _aKRZYŻANOWSKI, Henryk | |
| 245 | 1 | 0 |
_a100 testów z gramatyki angielskiej : _bprzewodnik dla maturzystów, olimpijczyków i kandydatów na studia filologiczne / _cHenryk Krzyżanowski. |
| 250 | _aWyd.2 (dodr.). | ||
| 260 |
_aWarszawa : _bWydaw. Szkolne PWN, _c2000. |
||
| 300 |
_a285, [3] s. ; _c24 cm. |
||
| 500 | _aU góry okł. : liceum. | ||
| 650 | 9 |
_aJęzyk angielski _xgramatyka |
|
| 655 | _aMateriały pomocnicze dla szkół | ||
| 020 | _a8371951108 | ||
| 040 | _cBPK | ||
| 041 | 0 | _aenpl | |
| 080 | _a811.111'36(075.3) | ||
| 920 | _a83-7195-110-8 | ||
| 942 | _cKS | ||
| 008 | s pl f |000 0 pol | ||
| 999 |
_c38014 _d38014 |
||